LEADER 03509nam 22007215 450 001 9910298453503321 005 20200705021210.0 010 $a3-319-22437-9 024 7 $a10.1007/978-3-319-22437-4 035 $a(CKB)3710000000498916 035 $a(EBL)4178487 035 $a(SSID)ssj0001583758 035 $a(PQKBManifestationID)16263894 035 $a(PQKBTitleCode)TC0001583758 035 $a(PQKBWorkID)14865836 035 $a(PQKB)11243337 035 $a(DE-He213)978-3-319-22437-4 035 $a(MiAaPQ)EBC4178487 035 $a(PPN)190525444 035 $a(EXLCZ)993710000000498916 100 $a20151030d2015 u| 0 101 0 $aeng 135 $aur|n|---||||| 181 $ctxt 182 $cc 183 $acr 200 10$aAdvanced Microscopy in Mycology /$fedited by Tanya E. S. Dahms, Kirk J. Czymmek 205 $a1st ed. 2015. 210 1$aCham :$cSpringer International Publishing :$cImprint: Springer,$d2015. 215 $a1 online resource (171 p.) 225 1 $aFungal Biology,$x2198-7777 300 $aDescription based upon print version of record. 311 $a3-319-22436-0 320 $aIncludes bibliographical references at the end of each chapters and index. 327 $aApplications of Confocal Laser Scanning Microscopy in Filamentous Fungi -- Fluorescence-based Methods for the Study of Protein Localization, Interaction, and Dynamics in Filamentous Fungi -- Super Resolution Microscopy: SIM, STED and Localization Microscopy -- Fourier Transform Infrared (FTIR) Microscopy and Imaging of Fungi -- Whole Cells Imaged by Hard X-ray Transmission Microscopy -- In situ Nanocharacterization of Yeast Cells Using ESEM and FIB -- Imaging Living Yeasts Cells and Quantifying Their Biophysical Properties by Atomic Force Microscopy -- Future Directions in Mycological Microscopy. 330 $aThis volume provides insight into the principles underscoring various advanced microscopy methods and how they have been, or have the potential to be, applied to mycology. Offering a comprehensive overview of the confocal principle, confocal laser scanning microscopy and its application to fungal biology, this text also examines the newer sophisticated fluorescence-based methods of technology. 410 0$aFungal Biology,$x2198-7777 606 $aMicroscopy 606 $aPlant physiology 606 $aCytology 606 $aDevelopmental biology 606 $aBiological Microscopy$3https://scigraph.springernature.com/ontologies/product-market-codes/L26000 606 $aPlant Physiology$3https://scigraph.springernature.com/ontologies/product-market-codes/L33020 606 $aCell Biology$3https://scigraph.springernature.com/ontologies/product-market-codes/L16008 606 $aDevelopmental Biology$3https://scigraph.springernature.com/ontologies/product-market-codes/L18000 615 0$aMicroscopy. 615 0$aPlant physiology. 615 0$aCytology. 615 0$aDevelopmental biology. 615 14$aBiological Microscopy. 615 24$aPlant Physiology. 615 24$aCell Biology. 615 24$aDevelopmental Biology. 676 $a589.2 702 $aDahms$b Tanya E. S$4edt$4http://id.loc.gov/vocabulary/relators/edt 702 $aCzymmek$b Kirk J$4edt$4http://id.loc.gov/vocabulary/relators/edt 801 0$bMiAaPQ 801 1$bMiAaPQ 801 2$bMiAaPQ 906 $aBOOK 912 $a9910298453503321 996 $aAdvanced Microscopy in Mycology$92502181 997 $aUNINA LEADER 02238nas 2200601-a 450 001 9910144893003321 005 20260218110844.0 035 $a(CKB)1000000000239768 035 $a(CONSER)--2002037689 035 $a(DE-599)ZDB2142739-2 035 $a(DE-599)2142739-2 035 $a(EXLCZ)991000000000239768 100 $a20751101b18551954 --- a 101 0 $aeng 181 $ctxt$2rdacontent 182 $cc$2rdamedia 183 $acr$2rdacarrier 200 00$aAnnals of the Astronomical Observatory of Harvard College 210 $aCambridge [Mass.] $cHetcalf and Co.$d1856- 210 2 $aBoston $cGinn and Heath 210 2 $aGroningen $cHoitsema 210 2 $aGroningen $cDijkhuizen & Van Zanten 210 3 $aCambridge, Mass. $cAstronomical Observatory of Harvard College 215 $a1 online resource 300 $aList of quarto publications, exclusive of the Annals, made by the officers of the Observatory from 1877 to 1896, with references to the work of the Blue Hill Observatory from 1885 to 1895: v. 30, p. 3-8. 300 $aSome volumes also issued as reprints. 300 $aIssues designated variously as part or number. 311 08$aPrint version: Annals of the Astronomical Observatory of Harvard College. 1933-866X (DLC) 2002037689 (OCoLC)1751837 517 1 $aAnnals of Harvard College Observatory 517 1 $aHarvard annals 517 1 $aHCO annals 531 $aANNALS OF HARVARD COLLEGE OBSERVATORY 606 $aAstronomy$vObservations$vPeriodicals 606 $aMeteorology$zNew England$vPeriodicals 606 $aAstronomy$2fast$3(OCoLC)fst00819673 606 $aMeteorology$2fast$3(OCoLC)fst01018441 606 $aZeitschrift$2gnd 607 $aNew England$2fast 608 $aObservations.$2fast 608 $aPeriodicals.$2fast 608 $aZeitschrift$2gnd-content 615 0$aAstronomy 615 0$aMeteorology 615 7$aAstronomy. 615 7$aMeteorology. 615 7$aZeitschrift. 676 $a522 712 02$aHarvard College Observatory. 906 $aJOURNAL 912 $a9910144893003321 920 $aexl_impl conversion 996 $aAnnals of the Astronomical Observatory of Harvard College$91994133 997 $aUNINA